000 00674nam a2200205Ii 4500
003 JO-AjNU
008 230605s9999||||xx |||||||||||||| ||und||
040 _aJO-AjNU
_bara
_erda
_cJO-AjNU
041 _aara
050 1 4 _aBF435.2001
100 3 _aجعفر،غسان,
_eauthor
_921788
245 0 0 _aالتخلف العقلي عند الاطفال
250 _aط1
264 3 1 _aبيروت:دار الحرف العربي للطباعة والنشر والتوزيع ،2001
300 _a254ص
336 _atext
_btxt
_2rdacontent
337 _aunmediated
_bn
_2rdamedia
338 _avolume
_bnc
_2rdacarrier
650 4 _aالتخلف العقلي-الاطفال
_921789
999 _aA7628
_c11196
_d11196